| 000 | 00460cam a2200169ua 4500 | ||
|---|---|---|---|
| 020 |
_a0-07-785695-8 _c$6.50 |
||
| 041 |
_aeng _h |
||
| 082 |
_a514 _bSIM/IN |
||
| 100 | _aSimmons, George F . | ||
| 245 |
_aIntroduction to topology and modern analysis / _cGeorge Simmons F. _hTextual Documents |
||
| 260 |
_aSingapore : _bMcGraw Hill Book Company , _c1963. |
||
| 300 | _a372 ; . | ||
| 365 | _a$6.50 | ||
| 504 | _a | ||
| 942 | _cBK | ||
| 999 |
_c9393 _d9393 |
||